Quiz o Polsce - Statystyki

Ogólne statystyki
  • Ten quiz został rozwiązany 2 711 razy
    2 710 od ostatniego zresetowania
  • Średni wynik to 12 z 17
Statystyki odpowiedzi
Pytanie Odpowiedź % Poprawnych
Kto jest aktualnym prezydentem Polski? Andrzej Duda
100%
Jakie miasto jest aktualną stolicą Polski? Warszawa
90%
Kto jest aktualnym premierem Polski? Mateusz Morawiecki
89%
Ile w Polsce jest województw? 16
88%
Jaka jest najdłuższa rzeka w Polsce? Wisła
88%
Jakie miasto jest pierwszą stolicą Polski? Gniezno
87%
Jakie miasto jest na drugim miejscu pod względem liczby ludności w Polsce? Kraków
84%
Największym lądowym sąsiadem Polski (pod względem powierzchni) jest: Rosja
80%
Jaka jest obecna partia polityczna rządząca w Polsce? PiS
79%
Jakie miasto jest stolicą województwa podlaskiego? Białystok
75%
Jaka jest pełna nazwa Polski? Rzeczpospolita Polska
75%
Liczba ludność (w milionach) 37 mln
74%
Do jakiego morza Polska ma dostęp? Morze Bałtyckie
70%
W którym roku w Polsce padł komunizm? 1989
67%
Jakie jest najgłębsze jezioro w Polsce? Hańcza
50%
Kto jest aktualnym Marszałkiem Sejmu? Elżbieta Witek
30%
Kto jest aktualnym Marszałkiem Senatu? Tomasz Grodzki
22%
Nie znaleziono quizów pasujących do podanych kryteriów
Rozkład punktacji
Procent ludzi z każdym wynikiem
Percentyl według liczby udzielonych odpowiedzi
Twoja historia wyników
Nie rozwiązałeś tego quizu od ostatniego zresetowania